000 00600nam a22001697a 4500
003 MACL
005 20150714143615.0
008 150714b xxu||||| |||| 00| 0 eng d
040 _cMACL
041 _aHindi
082 _a741.642
100 _4104/2
_aदास, मनोज
_92015
245 _aपुस्‍तकें जो अमर हैं/हमारी नदियों की कहानी
260 _aनई दिल्‍ली
_bनेशनल बुक ट्रस्‍ट
_c1973
650 _aचिल्‍ड्रन बुक्‍स
_9343
942 _2ddc
_cHIN
999 _c50131
_d50131